1850 1009 1963 1887 1584 1652 1980 1428 1876 1840 1474 1353 1516 1766 1385 1169 1943 1900 1213 1853 1355 1979 1540 1087 1647 1410 1554 1239 1689 1847 1536 1308 1193 1383 1993 1203 1741 1682 1588 1697 1696 1356 1870 1320 1601 1632 1182 1615 1146 1782 1233 1487 1168 1254 1939 1991 1058 1885 1942 1486 1371 1679 1057 1929 1291 1343 1697 1499 2000 1621 1706 1572 1959 1692 1661 1442 1296 1586 1414 1558 1226 1230 1732 1788 1483 1669 1020 1952 1698 1879 1823 1392 1441 1473 1493 1560 1933 1643 1519 BCNSPRNW ULIB Ver.6.0+V

เปลี่ยนเป็นภาษาไทย

Change to English
 แสดงรายละเอียดบรรณานุกรม
  กลับหน้าหลัก

Brief Record : Get Marc (ISO 2709) : E-mail record : QR code < ปิดหน้าต่าง
LEADER : 00000nam 2200000uu 4500
001    13399115134
003     ULIB
008    120712s2550||||th 000 0 tha d
020    9789749556696
050  4 ^aPL4185^bม453พ 2550
100 0  ^aมานิต มานิตเจริญ
245 10 ^aพจนานุกรมไทย /^cผู้รวบรวม มานิต มานิตเจริญ
250    ^aพิมพ์ครั้งที่ 23
260    ^aี.เจ.พริ้นติ้ง :^bรวมสาส์น,^c2550
300    ^a596 หน้า :^bภาพประกอบ
500    ^aSend to Single Search
650  4 ^aภาษาไทย^vพจนานุกรม
650  4 ^aพจนานุกรม
945    ^p380^l0^i15291
995    ^aกัณชพร
999 ^a ใช้งานได้ทุกระบบ
รายการนี้ยังไม่มีแท็ก
คุณยังไม่ได้ล็อกอิน คุณสามารถมีกิจกรรมร่วมกับเว็บไซต์ได้ แต่ต้องล็อกอินก่อน ::
  ล็อกอิน

รายการสื่อสารสนเทศ

ลำดับที่ ประเภท เลขเรียก/บาร์โค้ด สถานที่ สถานะ
- ไม่พบข้อมูล -

รายการใกล้เคียง
    หัวเรื่อง [พจนานุกรม]

BibComment


ยังไม่เคยถูกคอมเมนท์

คอมเมนท์ทรัพยากรรายการนี้
  คอมเมนท์: พจนานุกรมไทย ผู..


 Copyright 2026. Bcnsprnw @Library